A-Z: Answers containing "Land" - Statistics

General Stats
  • This quiz has been taken 24 times
  • The average score is 14 of 26
Answer Stats
Initial Clue Answer % Correct
T Country where Bangkok is located Thailand
100%
Q Australian state Queensland
96%
I Island west of Great Britain Ireland
91%
D Where we all like to go in our minds when we sleep Dreamland
87%
N Canadian island Newfoundland
87%
L Touching down on a runway or other surface for aircraft Landing
83%
E Insignificant area to the south of Scotland England
74%
W Disused or desert territory, a term used by poet T.S. Eliot Wasteland
74%
Z Dutch province where the Rhine meets the sea Zeeland
74%
J The peninsula which comprises most of Denmark Jutland
70%
M A principal territory which presumably has smaller islands nearby Mainland
70%
Y Female first name, derived from the Greek for "violet" Yolanda
65%
F Low-lying area of Belgium Flanders
61%
H Type of sauce Hollandaise
57%
O Strikingly odd, bizarre Outlandish
57%
C Secret, often illegal Clandestine
52%
V Area in eastern Canada explored by Vikings around 1000 AD Vinland
52%
R Man's name used for a cartoon rat and a brand of keyboards Roland
43%
A Archipelago of Finland Aland Islands
39%
G The British term for the illness mononucleosis Glandular fever
39%
S Falsely denigrating the character or reputation of someone Slanderous
26%
P To have many casual sexual relationships Philander
17%
B Act or speak in a flattering or coaxing manner Blandish
9%
K Village of Norway Koland
9%
U Pertaining to swellings on both the skin and lymph nodes Ulceroglandular
4%
X The scientific term for the wonderfully-named questionable rock-frog lichen - which would perhaps be found on yellow, hard, Italian cheese with a chunk missing, ailing back in the Lake District Xanthoparmelia cumberlandia
0%
No matching quizzes found
Score Distribution
Percent of People with Each Score
Percentile by Number Answered
Your Score History
You have not taken this quiz